Geographic Groups of Three #5 - Statistics

General Stats
  • This quiz has been taken 585 times
    410 since last reset
  • The average score is 25 of 36
Answer Stats
Clue Answer % Correct
Countries starting with 'United' United States
98%
Scandinavian countries Denmark
97%
Scandinavian countries Norway
97%
Scandinavian countries Sweden
97%
Countries starting with 'United' United Kingdom
95%
Constituent 'country' (of the U.K.) on Great Britain Scotland
93%
Non-American countries with over 50% Spanish speakers Spain
93%
Countries starting with 'United' United Arab Emirates
93%
Constituent 'country' (of the U.K.) on Great Britain Wales
93%
Countries in Oceania with over 1 million people Australia
92%
Countries in Oceania with over 1 million people New Zealand
92%
Countries starting with a unique letter Qatar
92%
Countries starting with a unique letter Yemen
91%
Countries within 100 miles of the US but does not border it Cuba
90%
Constituent 'country' (of the U.K.) on Great Britain England
90%
Countries within 100 miles of the US but does not border it Bahamas
84%
Countries starting with a unique letter Oman
82%
Countries in Oceania with over 1 million people Papua New Guinea
81%
Canadian provinces and Australian states containing 'New' New South Wales
71%
Countries within 100 miles of the US but does not border it Russia
70%
Official languages that end in 'Creole' Haitian Creole
69%
Canadian provinces and Australian states containing 'New' Newfoundland and Labrador
65%
Flags consisting of two white and red horizontal stripes Poland
65%
Cities that merged to Budapest Buda
62%
Flags consisting of two white and red horizontal stripes Indonesia
62%
Cities that merged to Budapest Pest
62%
Dialects of Hindustani that are official languages Hindi
58%
Non-American countries with over 50% Spanish speakers Andorra
57%
Flags consisting of two white and red horizontal stripes Monaco
56%
Canadian provinces and Australian states containing 'New' New Brunswick
55%
Dialects of Hindustani that are official languages Urdu
44%
Non-American countries with over 50% Spanish speakers Equatorial Guinea
40%
Official languages that end in 'Creole' Mauritian Creole
13%
Official languages that end in 'Creole' Seychellois Creole
8%
Cities that merged to Budapest Óbuda
6%
Dialects of Hindustani that are official languages Fiji Hindi
3%
No matching quizzes found
Score Distribution
Percent of People with Each Score
Percentile by Number Answered
Your Score History
You have not taken this quiz since the last reset